Transcontinental Countries - Statistics

General Stats
  • This quiz has been taken 102 times
    92 since last reset
  • The average score is 16 of 21
Answer Stats
Continents Passed Countries % Correct
2 Russia
100%
6 United Kingdom
98%
5 France
96%
2 United States
96%
2 Turkey
95%
2 Egypt
93%
2 Australia
88%
2 Spain
88%
2 Georgia
81%
2 Portugal
81%
2 Denmark
79%
2 Azerbaijan
78%
2 Indonesia
74%
2 Netherlands
74%
3 Norway
73%
2 Kazakhstan
67%
2 Italy
63%
2 Greece
59%
2 Yemen
58%
2 Chile
54%
2 Venezuela
41%
No matching quizzes found
Score Distribution
Percent of People with Each Score
Percentile by Number Answered
Your Score History
You have not taken this quiz since the last reset